| 000 | 01075nam a2200325 a 4500 | ||
|---|---|---|---|
| 999 |
_c28864 _d28835 |
||
| 001 | AJB6757BB | ||
| 003 | EG-ScBUE | ||
| 005 | 20200928102854.0 | ||
| 008 | 970528s1998 txua f b 000 0 eng d | ||
| 035 | _a(InU)AJB6757BB | ||
| 035 | _a(OCoLC)ocm08605785 | ||
| 040 |
_aIBK _beng _erda _cIBK _dIUL _dEG-ScBUE |
||
| 082 | 0 | 4 |
_a622.1828 _bSCH _222 |
| 245 | 0 | 0 | _aSchlumberger log interpretation charts. |
| 246 | 3 | 0 | _aLog interpretation charts |
| 264 | 1 |
_aTexas : _bSchlumberger Wireline & Testing, _c[1998] |
|
| 264 | 4 | _cc1998 | |
| 300 |
_a1 volume (various pagings) : _billustrations ; _c28 cm |
||
| 336 |
_2rdacontent _atext _btxt |
||
| 337 |
_2rdamedia _aunmediated _bn |
||
| 338 |
_2rdacarrier _avolume _bnc |
||
| 500 | _aIncludes appendix. | ||
| 504 | _aIncludes bibliographical references. | ||
| 650 | 7 |
_aGeophysical well logging _xCharts, diagrams, etc. _2BUEsh |
|
| 650 | 7 |
_aProspecting _xGeophysical methods _xCharts, diagrams, etc. _2BUEsh |
|
| 653 |
_bGGEN _cSeptember2020 |
||
| 655 |
_vReading book _934232 |
||
| 942 |
_2ddc _cBB |
||
| 998 |
_b5/28/1997 _c5/28/1997 |
||